Národná rada Slovenskej republiky

Gespeichert in:
Bibliographische Detailangaben
Weitere Verfasser: Hrnko, Anton, Siváková, Danica, Škandík, Tibor, Paul, Peter, Krob, Miroslav
Format: Buch
Sprache:Slowakisch
Englisch
Veröffentlicht: [S.l.] Atrakt 1997
Schlagworte:
Tags: Tag hinzufügen
Keine Tags, Fügen Sie das erste Tag hinzu!

MARC

LEADER 00000nam a2200000 4500
001 c108137
005 20221109111800.6
020 |a 80-85543-08-7 
041 0 |a slo 
041 0 |a eng 
044 |a SK 
245 1 0 |a Národná rada Slovenskej republiky  |c [autor textu: Anton Hrnko, Danica Siváková ; zostavovateľ: Anton Hrnko 
264 1 |a [S.l.]  |b Atrakt  |c 1997 
300 |a 152 s. 
610 2 0 |a Slovensko 
610 2 0 |a dejiny 
610 2 0 |a štát 
610 2 0 |a národ 
610 2 0 |a hnutie národnooslobodzovacie 
610 2 0 |a programy politické 
610 2 0 |a parlamenty 
610 2 0 |a poslanci 
610 2 0 |a dokumenty 
610 2 0 |a história 
610 2 0 |a osobnosť 
610 2 0 |a boj politický 
610 2 0 |a revolúcia národnooslobodzovacia 
610 2 0 |a kultúra 
610 2 0 |a vojny 
610 2 0 |a Uhorsko 
610 2 0 |a Národná rada SR 
700 1 |a Hrnko, Anton 
700 1 |a Siváková, Danica 
700 1 |a Škandík, Tibor 
700 1 |a Paul, Peter 
700 1 |a Krob, Miroslav